Pueblos, escuelas y educadores
Este libro trata sobre los principios de la educación utilizados en las escuelas rurales alejadas de la ciudad en España, destacando la importancia de una buena educación en esas comunidades muchas veces olvidadas por los Estados.
Saved in:
| Hovedforfatter: | |
|---|---|
| Format: | Bog |
| Sprog: | Spanish |
| Udgivet: |
Madrid:
Sociedad de Educación Atenas,
1959
|
| Serier: | Frente a frente. Sección pedagógica;
No. 4 |
| Fag: | |
| Online adgang: | Enlace del recurso |
| Tags: |
Tilføj Tag
Ingen Tags, Vær først til at tagge denne postø!
|
MARC
| LEADER | 00000nam a2200000 a 4500 | ||
|---|---|---|---|
| 001 | 001259 | ||
| 008 | 030919s1959 sp # fr# #000|0#spa#d | ||
| 041 | 0 | |a spa | |
| 043 | |a e-sp--- | ||
| 082 | 0 | 4 | |a 370.19346 |b M159p |
| 100 | 1 | |a Manzano, Braulio | |
| 245 | 1 | 0 | |a Pueblos, escuelas y educadores |c Braulio Manzano |
| 260 | |a Madrid: |b Sociedad de Educación Atenas, |c 1959 | ||
| 300 | |a 199 p. | ||
| 440 | 0 | |a Frente a frente. Sección pedagógica; |v No. 4 | |
| 520 | 3 | |a Este libro trata sobre los principios de la educación utilizados en las escuelas rurales alejadas de la ciudad en España, destacando la importancia de una buena educación en esas comunidades muchas veces olvidadas por los Estados. | |
| 650 | 1 | 4 | |a EDUCACIÓN RURAL |z ESPAÑA |
| 650 | 1 | 4 | |a EDUCACIÓN PRIMARIA |
| 999 | |c 3411 |d 3411 | ||
| 856 | |u https://catalogo.idep.edu.co/cgi-bin/koha/opac-detail.pl?biblionumber=3411 |z Enlace del recurso | ||